[Event "DEM 1999"]
[Site "Altenkirchen"]
[Date "1999.11.18"]
[Round "7"]
[White "Krause, Ullrich"]
[Black "Holzhaeuer, Mathias"]
[Result "1-0"]
[WhiteElo "2263"]
[BlackElo "2334"]
[PlyCount "81"]

1. Nf3 Nf6 2. g3 b5 3. Bg2 Bb7 4. O-O e6 5. d3 d5 6. Nbd2 c5 7. e4 Nc6 8. exd5
exd5 9. Re1+ Be7 10. Nh4 Qd7 11. Nb3 O-O 12. Bg5 Rfd8 13. Bxf6 gxf6 14. Qh5 Bf8
15. Nf5 c4 16. Nc5 Qc7 17. Nxb7 Qxb7 18. Re4 dxe4 19. Bxe4 h6 20. Nxh6+ Bxh6
21. Qxh6 Qc7 22. Re1 Ne5 23. Bh7+ Kh8 24. Bg6+ Kg8 25. Bh7+ Kh8 26. Qxf6+ Kxh7
27. Rxe5 Qxe5 28. Qxe5 cxd3 29. cxd3 a6 30. Qf6 Kg8 31. h4 Re8 32. h5 Re6 33.
Qg5+ Kh7 34. Qf5+ Kg7 35. Qg5+ Kh7 36. g4 Rg8 37. Qf5+ Kh6 38. Kg2 Rg7 39. Kg3
Rb6 40. Kh4 f6 41. Qf4+ 1-0

[Event "DEM 1999"]
[Site "Altenkirchen"]
[Date "1999.11.19"]
[Round "8"]
[White "Kindermann, Stefan"]
[Black "Jugelt, Tobias"]
[Result "1-0"]
[WhiteElo "2527"]
[BlackElo "2401"]
[PlyCount "87"]

1. e4 Nf6 2. e5 Nd5 3. d4 d6 4. Nf3 c6 5. c4 Nc7 6. Nc3 Bg4 7. h3 Bxf3 8. Qxf3
d5 9. Be3 e6 10. Be2 Be7 11. Qg4 O-O 12. O-O Nd7 13. Bh6 Ne8 14. cxd5 cxd5 15.
Bd3 a6 16. Be3 Nc7 17. Rac1 f5 18. exf6 Nxf6 19. Qe2 Bd6 20. Na4 Qe8 21. Nc5
Rb8 22. Bg5 h6 23. Bd2 Nh5 24. g3 Rf6 25. Bb1 Qf7 26. Kg2 Nb5 27. Be3 g5 28. a4
Nf4+ 29. Bxf4 gxf4 30. Qg4+ Kh8 31. axb5 Rg8 32. Qh4 Rg5 33. Nd3 Rh5 34. Qg4
Rg5 35. Rc8+ Kg7 36. Qh4 Rh5 37. Qg4+ Rg5 38. Ne5 Bxe5 39. dxe5 Rxg4 40. exf6+
Qxf6 41. Rc7+ Kf8 42. hxg4 Qxb2 43. bxa6 bxa6 44. Bg6 1-0